[Event "V Festival A"]
[Site "Nereto ITA"]
[Date "2000.08.13"]
[Round "3"]
[White "Corvi, Marco"]
[Black "Foisor, Ovidiu-Doru"]
[Result "0-1"]
[WhiteElo "2319"]
[BlackElo "2404"]
[PlyCount "106"]
[EventDate "2000.08.11"]

1. e4 e6 2. d3 c5 3. Nf3 Nc6 4. g3 g6 5. Bg2 Bg7 6. O-O Nge7 7. Re1 d6 8. c3 e5
9. Be3 O-O 10. d4 exd4 11. cxd4 Bg4 12. dxc5 dxc5 13. Qxd8 Raxd8 14. Nbd2 b6
15. Rab1 Nb4 16. e5 Bf5 17. Bg5 Bxb1 18. Rxb1 Rd7 19. Bh3 Nf5 20. Ne4 Nd4 21.
Nfd2 Ne6 22. f4 Rxd2 23. Nxd2 Nxg5 24. fxg5 Bxe5 25. Nf3 Bg7 26. a3 Nc6 27. b4
c4 28. Bd7 Nd4 29. Nxd4 Bxd4+ 30. Kf1 Be3 31. h4 Rd8 32. Rd1 c3 33. Ba4 Bd2 34.
Ke2 b5 35. Bb3 Re8+ 36. Kd3 Re1 37. Rxe1 Bxe1 38. g4 Bxh4 39. Kxc3 Bxg5 40. Bd5
Bc1 41. Kb3 Kg7 42. Bc6 Kf6 43. Bxb5 Kg5 44. Bd7 h5 45. gxh5 Kxh5 46. a4 Bd2
47. a5 f5 48. a6 Kh4 49. b5 Be3 50. Kc4 Kg3 51. Kd3 Bb6 52. Be8 g5 53. Ke2 g4
0-1

[Event "V Festival A"]
[Site "Nereto ITA"]
[Date "2000.08.13"]
[Round "3"]
[White "Drabke, Lorenz Maximilian"]
[Black "Sibilio, Mario"]
[Result "1/2-1/2"]
[WhiteElo "2144"]
[BlackElo "2381"]
[PlyCount "53"]
[EventDate "2000.08.11"]

1. e4 g6 2. d4 Bg7 3. Nc3 c6 4. Bc4 d6 5. Qf3 e6 6. Nge2 Nd7 7. Bb3 Ngf6 8. O-O
O-O 9. Bg5 Qa5 10. Bh4 Kh8 11. Rad1 a6 12. Qg3 d5 13. e5 Ng8 14. f4 f5 15. exf6
Ngxf6 16. Qf3 c5 17. dxc5 Nxc5 18. Bf2 Nfe4 19. Nxe4 Nxe4 20. c3 Nxf2 21. Qxf2
Bd7 22. Qe3 b5 23. a3 Rae8 24. Nd4 Qb6 25. Kh1 Bc8 26. Qd2 Qc7 27. Ne2 1/2-1/2

[Event "V Festival A"]
[Site "Nereto ITA"]
[Date "2000.08.13"]
[Round "3"]
[White "Farago, Ivan"]
[Black "Foisor, Cristina-Adela"]
[Result "0-1"]
[WhiteElo "2486"]
[BlackElo "2386"]
[PlyCount "134"]
[EventDate "2000.08.11"]

1. d4 Nf6 2. c4 c6 3. Nc3 d5 4. e3 a6 5. Nf3 b5 6. b3 Bg4 7. Be2 e6 8. O-O Nbd7
9. Bb2 Be7 10. h3 Bxf3 11. Bxf3 Rb8 12. Qc2 O-O 13. e4 b4 14. Na4 dxe4 15. Bxe4
Nxe4 16. Qxe4 Qc7 17. Rad1 Rfe8 18. Rfe1 Nf6 19. Qf3 Rbc8 20. Bc1 Bd6 21. Re2
Qd8 22. Bg5 h6 23. Bh4 Be7 24. Rd3 Nd7 25. Bg3 Qa5 26. d5 cxd5 27. cxd5 e5 28.
d6 Bf6 29. Rd5 Qd8 30. Qe4 a5 31. Rc2 Rxc2 32. Qxc2 Qa8 33. Rd1 Rc8 34. Qf5 Qc6
35. Nb2 g6 36. Qb1 Qc2 37. Nc4 Qxb1 38. Rxb1 Rc5 39. Re1 Kf8 40. f4 exf4 41.
Bxf4 g5 42. Be3 Rd5 43. Bf2 h5 44. g3 Bd8 45. Kg2 f6 46. a3 bxa3 47. Ra1 Kf7
48. Rxa3 Ne5 49. Be1 Nxc4 50. bxc4 Rxd6 51. Bxa5 Bxa5 52. Rxa5 Rd2+ 53. Kg1 Rc2
54. Rc5 Ke6 55. Kh1 f5 56. Kg1 h4 57. gxh4 gxh4 58. Kh1 Kf6 59. Rc8 Kg5 60. c5
Kf4 61. Kg1 Kg3 62. Kf1 f4 63. c6 Rc1+ 64. Ke2 f3+ 65. Ke3 Re1+ 66. Kd2 f2 67.
Rg8+ Kh2 0-1

[Event "V Festival A"]
[Site "Nereto ITA"]
[Date "2000.08.13"]
[Round "3"]
[White "Farina, Saverio"]
[Black "Buchicchio, Giampaolo"]
[Result "1-0"]
[WhiteElo "2153"]
[BlackElo "1918"]
[PlyCount "51"]
[EventDate "2000.08.11"]

1. d4 c6 2. e4 e6 3. c4 d5 4. exd5 exd5 5. Nc3 Nf6 6. Nf3 a6 7. Bd3 Be7 8. O-O
O-O 9. Re1 Re8 10. Bg5 b5 11. Bxf6 Bxf6 12. cxd5 Bg4 13. Rxe8+ Qxe8 14. Qe1 Qd7
15. Ne5 Bxe5 16. Qxe5 cxd5 17. Nxd5 Nc6 18. Qg5 Qd8 19. Qxg4 Qxd5 20. Qe4 Rd8
21. Qxh7+ Kf8 22. Re1 f6 23. Be4 Re8 24. Qh8+ Qg8 25. Qxg8+ Kxg8 26. Bd5+ 1-0

[Event "V Festival A"]
[Site "Nereto ITA"]
[Date "2000.08.13"]
[Round "3"]
[White "Ferri, Stefano"]
[Black "Tocchioni, Doriano"]
[Result "0-1"]
[WhiteElo "2089"]
[BlackElo "2250"]
[PlyCount "94"]
[EventDate "2000.08.11"]

1. d4 Nf6 2. c4 g6 3. Nc3 d5 4. Nf3 Bg7 5. g3 O-O 6. Bg2 Na6 7. O-O dxc4 8. Ne5
c5 9. dxc5 Nxc5 10. Nxc4 Be6 11. Be3 Rc8 12. Qxd8 Rfxd8 13. Na5 b6 14. Nc6 Rd7
15. Rad1 Rdc7 16. Nd4 Ng4 17. Bf4 Be5 18. Bxe5 Nxe5 19. Ndb5 Rd7 20. Rxd7 Ncxd7
21. Nxa7 Rc5 22. a3 Bc4 23. b4 Rc7 24. Ncb5 Bxb5 25. Nxb5 Rc2 26. Rd1 Nf6 27.
Bf1 Ne4 28. h3 Nc4 29. Ra1 Rb2 30. Bg2 Ned2 31. Re1 e6 32. Bc6 Rb3 33. Ra1 Nb1
34. Be4 Nbxa3 35. Nxa3 Nxa3 36. Bd3 b5 37. Kf1 Kg7 38. Ke1 Kf6 39. f4 Rxd3 40.
exd3 Nc2+ 41. Kd2 Nxa1 42. Kc3 e5 43. Kb2 exf4 44. gxf4 Kf5 45. Kxa1 Kxf4 46.
Kb2 Ke3 47. Kc3 g5 0-1

[Event "V Festival A"]
[Site "Nereto ITA"]
[Date "2000.08.13"]
[Round "3"]
[White "Radice, Luca"]
[Black "Moyse, Nigel John"]
[Result "1-0"]
[WhiteElo "2012"]
[BlackElo "2155"]
[PlyCount "73"]
[EventDate "2000.08.11"]

1. d4 Nf6 2. c4 g6 3. Nc3 Bg7 4. e4 d6 5. Nf3 O-O 6. Be2 Bg4 7. Be3 Nbd7 8. Nd2
Bxe2 9. Qxe2 c5 10. d5 e6 11. O-O exd5 12. cxd5 a6 13. a4 Qc7 14. Nc4 Nb6 15.
Na3 Rae8 16. a5 Nc8 17. Qc2 Qxa5 18. Nc4 Qc7 19. f3 Nd7 20. Bf4 f5 21. exf5
Rxf5 22. Bg3 Ndb6 23. Ne4 Nxc4 24. Qxc4 Bxb2 25. Rad1 Bg7 26. Rfe1 Re7 27. Bh4
Ree5 28. Bg3 b5 29. Qa2 Qb7 30. Bxe5 Bxe5 31. Qa5 Qb6 32. Qd2 Ne7 33. g4 Rxf3
34. Qh6 c4+ 35. Kh1 Rf4 36. Ng5 Rxg4 37. Qxh7+ 1-0

[Event "V Festival A"]
[Site "Nereto ITA"]
[Date "2000.08.13"]
[Round "3"]
[White "Sax, Gyula"]
[Black "Badea, Bela"]
[Result "1-0"]
[WhiteElo "2563"]
[BlackElo "2480"]
[PlyCount "103"]
[EventDate "2000.08.11"]

1. e4 g6 2. d4 Bg7 3. Nc3 d6 4. f4 Nf6 5. Nf3 c5 6. Bb5+ Bd7 7. e5 Ng4 8. Bxd7+
Qxd7 9. d5 dxe5 10. h3 e4 11. Nxe4 Nf6 12. Ne5 Qa4 13. Nc3 Qa5 14. O-O O-O 15.
Qe2 Na6 16. Nc4 Qc7 17. a3 Rad8 18. Qf3 Qd7 19. Rd1 Nc7 20. Ne5 Qc8 21. Be3
Nce8 22. Na4 b6 23. Nc6 Rd7 24. b4 Qa6 25. Nc3 c4 26. Nb8 Qb7 27. Nxd7 Qxd7 28.
Bd4 Nd6 29. a4 h5 30. Be5 h4 31. Ne2 Nfe4 32. Bxg7 Kxg7 33. Nd4 Ng3 34. Re1 Rc8
35. Nc6 Ngf5 36. Qc3+ Kg8 37. Re5 f6 38. Ree1 Rxc6 39. dxc6 Qxc6 40. Rad1 Kf8
41. Re6 Kf7 42. Qe1 Qd7 43. Re5 fxe5 44. fxe5 Qxa4 45. exd6 exd6 46. Qc3 Qc6
47. Ra1 a5 48. bxa5 bxa5 49. Rxa5 Qb6+ 50. Kh2 d5 51. Rxd5 Qb8+ 52. Qe5 1-0

[Event "V Festival A"]
[Site "Nereto ITA"]
[Date "2000.08.13"]
[Round "3"]
[White "Scalcione, Michelangelo"]
[Black "Tribuiani, Renato"]
[Result "1-0"]
[WhiteElo "2239"]
[BlackElo "2146"]
[PlyCount "83"]
[EventDate "2000.08.11"]

1. Nf3 Nf6 2. c4 c5 3. Nc3 Nc6 4. d4 cxd4 5. Nxd4 Nxd4 6. Qxd4 g6 7. Bg5 Bg7 8.
Nd5 O-O 9. Bxf6 exf6 10. O-O-O d6 11. e3 b5 12. cxb5 Be6 13. Qb4 Rc8+ 14. Kb1
f5 15. Nc3 a5 16. bxa6 Rxc3 17. bxc3 Qc7 18. Bb5 Rb8 19. a4 d5 20. Rd2 Bf8 21.
Qb2 Qa5 22. Rhd1 Bg7 23. Qb4 Qc7 24. g3 Rc8 25. Rd4 h5 26. h4 Bf8 27. Qb2 Qa5
28. Rb4 Rxc3 29. Qxc3 Bxb4 30. Qc2 Bc3 31. Rd4 f4 32. Bd3 fxg3 33. fxg3 Qb6+
34. Ka2 Bxd4 35. exd4 Qxd4 36. Ka3 Qe3 37. Kb4 Qb6+ 38. Bb5 Qd4+ 39. Ka5 Qe3
40. a7 Qe1+ 41. Kb6 Qg1+ 42. Qc5 1-0

[Event "V Festival A"]
[Site "Nereto ITA"]
[Date "2000.08.13"]
[Round "3"]
[White "Suppa, Ercole"]
[Black "Nannelli, Paolo"]
[Result "1-0"]
[WhiteElo "2123"]
[BlackElo "2217"]
[PlyCount "61"]
[EventDate "2000.08.11"]

1. d4 g6 2. e4 d6 3. Nc3 c6 4. a4 Bg7 5. Nf3 Nf6 6. Be2 O-O 7. O-O Nbd7 8. a5
e5 9. d5 cxd5 10. exd5 a6 11. h3 h6 12. Be3 Ne8 13. Nd2 f5 14. f4 b5 15. Nb3
exf4 16. Bxf4 g5 17. Be3 Qc7 18. Qd2 Ne5 19. Rae1 Nf6 20. Bd3 Nh5 21. Bf2 f4
22. Nd4 f3 23. Nc6 Qd7 24. Bd4 Nf4 25. Bxe5 fxg2 26. Rxf4 gxf4 27. Bxg7 f3 28.
Bxf8 Qxh3 29. Qxh6 Qg3 30. Ne7+ Kf7 31. Bg6+ 1-0

[Event "V Festival A"]
[Site "Nereto ITA"]
[Date "2000.08.13"]
[Round "3"]
[White "Tomba, Ivan"]
[Black "Barlocco, Carlo"]
[Result "0-1"]
[WhiteElo "2022"]
[BlackElo "2179"]
[PlyCount "70"]
[EventDate "2000.08.11"]

1. e4 c5 2. Nf3 e6 3. d4 cxd4 4. Nxd4 Nf6 5. Nc3 Qb6 6. e5 Bc5 7. Be3 Nd5 8.
Nxd5 exd5 9. Nf5 Qxb2 10. Bxc5 Qc3+ 11. Ke2 Qxc5 12. Nxg7+ Kd8 13. Qd2 Nc6 14.
Kd1 Nxe5 15. Rb1 a6 16. Qf4 Qe7 17. Rb6 d6 18. Qb4 Nc6 19. Qb2 Qe5 20. Qxe5
dxe5 21. Nh5 Kc7 22. Rb2 f5 23. g3 Rf8 24. Bg2 f4 25. h3 f3 26. Bf1 Bf5 27. g4
Bg6 28. Ng3 Rf4 29. c3 Rd8 30. Rd2 Ra4 31. Kc1 b5 32. Kb2 Na5 33. Bd3 e4 34.
Bc2 Nc4+ 35. Kc1 Ra3 0-1

[Event "V Festival A"]
[Site "Nereto ITA"]
[Date "2000.08.13"]
[Round "3"]
[White "Turturici, Pellegrino"]
[Black "Artizzu, Giulio"]
[Result "0-1"]
[WhiteElo "2012"]
[BlackElo "2095"]
[PlyCount "78"]
[EventDate "2000.08.11"]

1. c4 g6 2. Nf3 Bg7 3. d4 c5 4. Nc3 cxd4 5. Nxd4 Nc6 6. Nf3 Nf6 7. e4 d6 8. Be2
O-O 9. O-O Bd7 10. Bg5 Re8 11. Qd2 Rc8 12. Rac1 Qa5 13. h3 Ne5 14. Nxe5 Qxe5
15. Bf4 Qa5 16. Rfe1 a6 17. Bf1 b5 18. b3 b4 19. Nd5 Nxd5 20. Qxd5 Qxa2 21. e5
Bc6 22. Qd3 dxe5 23. Ra1 Qb2 24. Bh2 e4 25. Qg3 Qxa1 26. Rxa1 Bxa1 27. c5 a5
28. Qe3 Red8 29. Qc1 Bc3 30. Bf4 a4 31. bxa4 Bxa4 32. Be2 Rxc5 33. Qe3 Rcd5 34.
Qxe4 Rd4 35. Qxe7 Re8 36. Qa7 Rxe2 37. Bh6 Rd1+ 38. Kh2 Be5+ 39. g3 Bc6 0-1

[Event "V Festival A"]
[Site "Nereto ITA"]
[Date "2000.08.13"]
[Round "3"]
[White "Vezzosi, Paolo"]
[Black "Ortega, Lexy"]
[Result "0-1"]
[WhiteElo "2421"]
[BlackElo "2491"]
[PlyCount "48"]
[EventDate "2000.08.11"]

1. e4 c5 2. Nc3 e6 3. f4 Nc6 4. Nf3 d5 5. Bb5 Nge7 6. O-O dxe4 7. Ne5 f6 8.
Nxc6 bxc6 9. Ba4 g6 10. Re1 f5 11. d3 exd3 12. Be3 Bg7 13. Qxd3 Qxd3 14. cxd3
Rb8 15. Bxc5 Rxb2 16. Rac1 Kf7 17. Bb3 Rd2 18. Bxa7 Rd8 19. Bc4 Nd5 20. Nb1 Rb2
21. Bxd5 Rxd5 22. Rxc6 Bd7 23. Ra6 Bb5 24. Raxe6 Rxb1 0-1

[Event "V Festival A"]
[Site "Nereto ITA"]
[Date "2000.08.14"]
[Round "4"]
[White "Artizzu, Giulio"]
[Black "Radice, Luca"]
[Result "1-0"]
[WhiteElo "2095"]
[BlackElo "2012"]
[PlyCount "55"]
[EventDate "2000.08.11"]

1. e4 e6 2. d4 d5 3. Nc3 dxe4 4. Nxe4 Bd7 5. Nf3 Bc6 6. Ng3 Nd7 7. Bd3 Ngf6 8.
O-O Bd6 9. Re1 Bxf3 10. Qxf3 O-O 11. Ne4 Be7 12. Qh3 Nxe4 13. Rxe4 Nf6 14. Rh4
h5 15. g4 Qxd4 16. c3 Qd5 17. g5 g6 18. Rd4 Qc6 19. gxf6 Bxf6 20. Be4 Qa6 21.
Be3 Bxd4 22. Bxd4 Qe2 23. Qg2 Qg4 24. Qxg4 hxg4 25. Bf6 e5 26. Rd1 c6 27. h3
gxh3 28. Rd3 1-0

[Event "V Festival A"]
[Site "Nereto ITA"]
[Date "2000.08.14"]
[Round "4"]
[White "Badea, Bela"]
[Black "Farina, Saverio"]
[Result "1-0"]
[WhiteElo "2480"]
[BlackElo "2153"]
[PlyCount "81"]
[EventDate "2000.08.11"]

1. Nf3 d5 2. e3 c5 3. c4 e6 4. cxd5 exd5 5. d4 Nf6 6. Nc3 a6 7. g3 Nc6 8. Bg2
Be7 9. O-O O-O 10. b3 Ne4 11. Ne2 Bf6 12. Bb2 Bg4 13. h3 Bh5 14. g4 Bg6 15. Nf4
Rc8 16. Rc1 cxd4 17. Nxd4 Qd6 18. Ba1 Nxd4 19. Rxc8 Rxc8 20. Bxd4 Qc6 21. Bxf6
Nxf6 22. Nxd5 Nxd5 23. Qxd5 Qxd5 24. Bxd5 Rc7 25. f4 h6 26. f5 Bh7 27. Rf4 Kf8
28. Rc4 Rxc4 29. Bxc4 f6 30. Kf2 Bg8 31. Bxg8 Kxg8 32. Kf3 Kf7 33. Ke4 Ke7 34.
Kd5 Kd7 35. e4 Kc7 36. h4 Kd7 37. b4 Ke7 38. a4 Kd7 39. a5 Ke7 40. e5 fxe5 41.
Kxe5 1-0

[Event "V Festival A"]
[Site "Nereto ITA"]
[Date "2000.08.14"]
[Round "4"]
[White "Barlocco, Carlo"]
[Black "Scalcione, Michelangelo"]
[Result "0-1"]
[WhiteElo "2179"]
[BlackElo "2239"]
[PlyCount "56"]
[EventDate "2000.08.11"]

1. d4 Nf6 2. c4 g6 3. Nc3 Bg7 4. e4 d6 5. Nf3 O-O 6. Be2 e5 7. d5 a5 8. Bg5 h6
9. Bh4 Na6 10. Nd2 Qe8 11. O-O Bd7 12. b3 Nh7 13. a3 f5 14. f3 Bf6 15. Bf2 Qe7
16. Rb1 Bh4 17. g3 Bg5 18. b4 axb4 19. axb4 b6 20. Bd3 f4 21. g4 Bh4 22. Qe2
Bxf2+ 23. Qxf2 Ng5 24. Kg2 h5 25. h4 hxg4 26. hxg5 g3 27. Qe1 Bh3+ 28. Kxh3
Qh7+ 0-1

[Event "V Festival A"]
[Site "Nereto ITA"]
[Date "2000.08.14"]
[Round "4"]
[White "Bocchicchio, Gaetano"]
[Black "Farago, Ivan"]
[Result "0-1"]
[WhiteElo "2214"]
[BlackElo "2486"]
[PlyCount "73"]
[EventDate "2000.08.11"]

1. d4 Nf6 2. Bg5 d5 3. Bxf6 gxf6 4. e3 c5 5. Nc3 e6 6. Qh5 Nc6 7. O-O-O cxd4 8.
exd4 Bb4 9. Nce2 Bd7 10. Kb1 Qe7 11. c3 Ba5 12. Nf4 O-O-O 13. Bb5 Bc7 14. Ngh3
f5 15. Rhe1 Qf6 16. g3 Rhg8 17. Qe2 Kb8 18. f3 Qh6 19. Qf2 Bb6 20. Bf1 Bc8 21.
Nd3 f6 22. f4 Rde8 23. Qd2 Nd8 24. c4 dxc4 25. Ndf2 Nc6 26. d5 Ba5 27. Qc2 Bxe1
28. dxc6 Bxf2 29. Qxf2 Rd8 30. Rc1 Rg7 31. Rxc4 Rc7 32. Qc2 Qh5 33. Nf2 Qf3 34.
Rc3 Qh5 35. h3 Rxc6 36. Rxc6 bxc6 37. Qxc6 0-1

[Event "V Festival A"]
[Site "Nereto ITA"]
[Date "2000.08.14"]
[Round "4"]
[White "Buchicchio, Giampaolo"]
[Black "Corvi, Marco"]
[Result "1/2-1/2"]
[WhiteElo "1918"]
[BlackElo "2319"]
[PlyCount "21"]
[EventDate "2000.08.11"]

1. e4 c5 2. c3 Nf6 3. e5 Nd5 4. d4 cxd4 5. cxd4 e6 6. Nf3 Qc7 7. Bd3 b6 8. O-O
Bb7 9. Be4 f5 10. exf6 Nxf6 11. Bf4 1/2-1/2

[Event "V Festival A"]
[Site "Nereto ITA"]
[Date "2000.08.14"]
[Round "4"]
[White "D'Innocente, Stefano"]
[Black "Turturici, Pellegrino"]
[Result "1-0"]
[WhiteElo "2025"]
[BlackElo "2012"]
[PlyCount "57"]
[EventDate "2000.08.11"]

1. e4 d6 2. d4 Nf6 3. Nc3 g6 4. f4 Bg7 5. Nf3 c6 6. Bd3 O-O 7. O-O Nbd7 8. e5
Ne8 9. Qe2 Nb6 10. h3 Nc7 11. Bd2 f6 12. Rad1 fxe5 13. fxe5 Nbd5 14. Nxd5 cxd5
15. Ng5 dxe5 16. dxe5 Be6 17. Rxf8+ Qxf8 18. Nxh7 Qe8 19. Ng5 a6 20. Nxe6 Nxe6
21. Qg4 Nf8 22. e6 Rc8 23. Rf1 Rc6 24. Bc3 d4 25. Bb4 Bf6 26. Rxf6 exf6 27. e7
f5 28. Bxf5 Nd7 29. Bxd7 1-0

[Event "V Festival A"]
[Site "Nereto ITA"]
[Date "2000.08.14"]
[Round "4"]
[White "Moyse, Nigel John"]
[Black "Buchicchio, Giancarlo"]
[Result "1-0"]
[WhiteElo "2155"]
[BlackElo "1837"]
[PlyCount "51"]
[EventDate "2000.08.11"]

1. d4 Nf6 2. c4 c5 3. d5 b5 4. cxb5 a6 5. bxa6 Bxa6 6. g3 g6 7. b3 Qa5+ 8. Bd2
Qb6 9. Bg2 d6 10. Nh3 Bg7 11. Bc3 Nbd7 12. O-O O-O 13. Nf4 Ne5 14. Nd2 Rfe8 15.
h4 g5 16. hxg5 Nfg4 17. Ne4 h6 18. Nh5 Bh8 19. Qc2 f6 20. gxh6 c4 21. Bh3 Bc8
22. Bxg4 Bxg4 23. Nf4 Rac8 24. b4 Nf7 25. Nxf6+ Bxf6 26. Qg6+ 1-0

[Event "V Festival A"]
[Site "Nereto ITA"]
[Date "2000.08.14"]
[Round "4"]
[White "Ortega, Lexy"]
[Black "Sax, Gyula"]
[Result "0-1"]
[WhiteElo "2491"]
[BlackElo "2563"]
[PlyCount "78"]
[EventDate "2000.08.11"]

1. d4 Nf6 2. Nf3 e6 3. e3 b6 4. c4 Bb7 5. Bd3 d5 6. Nc3 Nbd7 7. O-O dxc4 8.
Bxc4 a6 9. a4 Bb4 10. d5 Bxc3 11. dxe6 Ne5 12. exf7+ Ke7 13. Qe2 Bxf3 14. gxf3
Bb4 15. e4 Qd4 16. Bd5 Qd3 17. Qxd3 Nxd3 18. Bxa8 Rxa8 19. Rd1 Nc5 20. Be3 Nfd7
21. Rd5 Kxf7 22. a5 Nf6 23. Rdd1 b5 24. e5 Ne8 25. f4 Nb3 26. Rd7+ Ke6 27. Rad1
Bd6 28. exd6 Kxd7 29. dxc7+ Nd6 30. Bb6 Kc6 31. Rd3 Nc5 32. Rc3 Nc4 33. Bxc5
Kxc5 34. b3 Kd4 35. Rc1 Nd6 36. b4 Kd5 37. f5 Nc8 38. Rc5+ Kd6 39. Kg2 Ra7 0-1

[Event "V Festival A"]
[Site "Nereto ITA"]
[Date "2000.08.14"]
[Round "4"]
[White "Sbraccia, Giovanni"]
[Black "Tomba, Ivan"]
[Result "0-1"]
[WhiteElo "2131"]
[BlackElo "2022"]
[PlyCount "60"]
[EventDate "2000.08.11"]

1. Nf3 Nf6 2. g3 g6 3. Bg2 Bg7 4. O-O c5 5. d3 O-O 6. e4 d6 7. c3 Nc6 8. Nh4
Rb8 9. f4 Nd7 10. Be3 b5 11. Nd2 b4 12. e5 Qc7 13. d4 bxc3 14. bxc3 Ba6 15. Rf2
cxd4 16. cxd4 Nb4 17. Ne4 d5 18. a3 dxe4 19. axb4 Bd3 20. f5 Rxb4 21. Qg4 Rfb8
22. Bh3 Rb1+ 23. Rxb1 Rxb1+ 24. Kg2 Qc4 25. Rd2 Qc1 26. Rd1 Qxd1 27. Qxd1 Rxd1
28. fxg6 Bf1+ 29. Kf2 Bxh3 30. gxf7+ Kxf7 0-1

[Event "V Festival A"]
[Site "Nereto ITA"]
[Date "2000.08.14"]
[Round "4"]
[White "Sibilio, Mario"]
[Black "Nannelli, Paolo"]
[Result "1-0"]
[WhiteElo "2381"]
[BlackElo "2217"]
[PlyCount "117"]
[EventDate "2000.08.11"]

1. d4 g6 2. c4 Bg7 3. Nf3 Nf6 4. g3 O-O 5. Bg2 d6 6. O-O Nc6 7. Nc3 Bf5 8. h3
Rb8 9. g4 Bd7 10. e4 e5 11. Be3 h5 12. dxe5 dxe5 13. g5 Nh7 14. Nd5 Re8 15. Qd2
Qc8 16. Kh2 Be6 17. Rfd1 a5 18. Rac1 b6 19. a3 Bf8 20. c5 b5 21. b3 Bg7 22. Qe1
Ra8 23. Qf1 Qb8 24. Kh1 Ne7 25. Nd2 a4 26. b4 c6 27. Nb6 Ra7 28. Nf3 Bb3 29.
Rd6 Rc7 30. Nd2 Be6 31. Qd3 Bf8 32. f4 exf4 33. Bxf4 Qa7 34. Nf3 Nc8 35. Nxc8
Rcxc8 36. Nd4 Bxd6 37. cxd6 Bc4 38. Rxc4 bxc4 39. Qxc4 Qd7 40. e5 Nf8 41. Nxc6
Kh7 42. b5 Ne6 43. Kh2 Rf8 44. Be3 Ng7 45. Qd5 Qe6 46. Qxe6 Nxe6 47. Bd5 Nd8
48. Bb6 Nb7 49. Kg3 f6 50. gxf6 h4+ 51. Kxh4 Nxd6 52. exd6 Rxf6 53. d7 Rcf8 54.
d8=Q g5+ 55. Kg3 Rxd8 56. Bxd8 Rd6 57. Be4+ Kh6 58. b6 Rd7 59. Bc7 1-0

[Event "V Festival A"]
[Site "Nereto ITA"]
[Date "2000.08.14"]
[Round "4"]
[White "Suppa, Ercole"]
[Black "Vezzosi, Paolo"]
[Result "0-1"]
[WhiteElo "2123"]
[BlackElo "2421"]
[PlyCount "66"]
[EventDate "2000.08.11"]

1. d4 Nf6 2. Nf3 b5 3. Bg5 Ne4 4. Bf4 Bb7 5. Nbd2 e6 6. Nxe4 Bxe4 7. e3 a6 8.
Bd3 Bxd3 9. Qxd3 d5 10. O-O Nd7 11. a4 c6 12. e4 Be7 13. axb5 cxb5 14. exd5
exd5 15. Ne5 Nxe5 16. Bxe5 O-O 17. Qg3 g6 18. Qh3 Qc8 19. Qd3 Qc6 20. Rfe1 Rfc8
21. c3 a5 22. Bf4 Bf8 23. g4 a4 24. Re3 b4 25. cxb4 Bxb4 26. Rh3 Qe6 27. Qg3
Bf8 28. Qh4 h6 29. f3 Bg7 30. Bxh6 Bxd4+ 31. Kh1 Qe2 32. Bf4 Rc2 33. Bd6 Qg2#
0-1

[Event "V Festival A"]
[Site "Nereto ITA"]
[Date "2000.08.14"]
[Round "4"]
[White "Tocchioni, Doriano"]
[Black "Drabke, Lorenz Maximilian"]
[Result "0-1"]
[WhiteElo "2250"]
[BlackElo "2144"]
[PlyCount "86"]
[EventDate "2000.08.11"]

1. d4 d5 2. Nf3 c6 3. Bg5 h6 4. Bf4 Nf6 5. Nbd2 Bf5 6. e3 e6 7. Nb3 Nh5 8. Bd3
Nxf4 9. exf4 Bxd3 10. Qxd3 Nd7 11. O-O Be7 12. Kh1 O-O 13. c3 Re8 14. Ne5 Bd6
15. Rae1 Nf8 16. Nc5 Qc7 17. Qg3 f6 18. Ng4 Kf7 19. Nd3 Ng6 20. Qf3 Bxf4 21. a3
Bd6 22. Nge5+ Nxe5 23. dxe5 Be7 24. Qh5+ Kg8 25. Qg6 Qd7 26. Nf4 Bd8 27. exf6
Bxf6 28. Qg4 Re7 29. Rxe6 Rae8 30. Rfe1 Rxe6 31. Nxe6 Re7 32. h4 Qe8 33. Re3
Qd7 34. Qf5 Kf7 35. Qh5+ g6 36. Qxh6 Rxe6 37. Qh7+ Bg7 38. Rf3+ Rf6 39. Rxf6+
Kxf6 40. Qg8 Qe7 41. Qc8 a6 42. a4 Kf7 43. a5 Kf6 0-1

[Event "V Festival A"]
[Site "Nereto ITA"]
[Date "2000.08.14"]
[Round "4"]
[White "Tribuiani, Renato"]
[Black "Ferri, Stefano"]
[Result "0-1"]
[WhiteElo "2146"]
[BlackElo "2089"]
[PlyCount "92"]
[EventDate "2000.08.11"]

1. e4 c5 2. f4 Nc6 3. Nf3 g6 4. Bc4 Bg7 5. O-O e6 6. Nc3 Nge7 7. e5 d5 8. Be2
a6 9. d4 Nf5 10. dxc5 Qa5 11. g4 Qxc5+ 12. Kg2 Ne3+ 13. Bxe3 Qxe3 14. Qd2 Qxd2
15. Nxd2 g5 16. fxg5 Nxe5 17. Na4 Nd7 18. Rf3 b5 19. Nc3 Bb7 20. Rh3 Ne5 21. a4
b4 22. Na2 Ng6 23. Rb3 Nf4+ 24. Kf3 Nxe2 25. Kxe2 a5 26. Kf2 Ba6 27. Rc1 O-O
28. c4 Rfc8 29. cxd5 Rxc1 30. Nxc1 exd5 31. Nd3 Bc4 32. Nc1 Bxb3 33. Ncxb3 Bxb2
34. Ke3 Be5 35. Nf3 f6 36. gxf6 Bxf6 37. g5 Re8+ 38. Kd3 Bd8 39. Kd4 Bb6+ 40.
Kxd5 Re3 41. Nfd2 Rc3 42. Nc4 Rxb3 43. Nxb6 Rc3 44. Kd4 Rc1 45. Nc4 b3 46. Nb2
Rc2 0-1

[Event "V Festival A"]
[Site "Nereto ITA"]
[Date "2000.08.15"]
[Round "5"]
[White "Corvi, Marco"]
[Black "Tocchioni, Doriano"]
[Result "1/2-1/2"]
[WhiteElo "2319"]
[BlackElo "2250"]
[PlyCount "94"]
[EventDate "2000.08.11"]

1. e4 c6 2. d4 d5 3. e5 Bf5 4. h4 h5 5. c4 dxc4 6. Bxc4 e6 7. Nc3 Nd7 8. Nge2
Nb6 9. Bd3 Nh6 10. Bg5 Qd7 11. Bxh6 Rxh6 12. Bxf5 exf5 13. Rh3 O-O-O 14. a4 a5
15. Qb3 Bb4 16. O-O-O Nd5 17. Rg3 Bf8 18. Nxd5 Qxd5 19. Qxd5 Rxd5 20. Nc3 Rd8
21. Rf3 g6 22. Rfd3 Rh8 23. f4 Bb4 24. d5 Bxc3 25. bxc3 Rxd5 26. Rxd5 cxd5 27.
Rxd5 Rd8 28. Rxa5 Rd3 29. Kc2 Rg3 30. Ra8+ Kd7 31. Rb8 Rxg2+ 32. Kb3 Kc6 33.
Rf8 Rf2 34. Rxf7 Rxf4 35. Rf6+ Kc7 36. Rxg6 Rxh4 37. Rf6 Re4 38. Rxf5 h4 39.
Rh5 h3 40. c4 h2 41. Kb4 Rxe5 42. Rxh2 Rg5 43. Rh7+ Kc6 44. Rh6+ Kc7 45. c5 Rg7
46. Rh3 Kc6 47. Rh6+ Kc7 1/2-1/2

[Event "V Festival A"]
[Site "Nereto ITA"]
[Date "2000.08.15"]
[Round "5"]
[White "Drabke, Lorenz Maximilian"]
[Black "Barlocco, Carlo"]
[Result "1/2-1/2"]
[WhiteElo "2144"]
[BlackElo "2179"]
[PlyCount "21"]
[EventDate "2000.08.11"]

1. e4 g6 2. d4 Nf6 3. e5 Nh5 4. Be2 Ng7 5. Bh6 d5 6. c3 Ne6 7. Bxf8 Kxf8 8. Qd2
c5 9. Nf3 Nc6 10. dxc5 Nxc5 11. Na3 1/2-1/2

[Event "V Festival A"]
[Site "Nereto ITA"]
[Date "2000.08.15"]
[Round "5"]
[White "Farina, Saverio"]
[Black "Artizzu, Giulio"]
[Result "1/2-1/2"]
[WhiteElo "2153"]
[BlackElo "2095"]
[PlyCount "78"]
[EventDate "2000.08.11"]

1. d4 g6 2. c4 c5 3. e3 Bg7 4. Nc3 b6 5. Nf3 e6 6. Be2 Ne7 7. Ne4 d5 8. cxd5
exd5 9. Bb5+ Nbc6 10. Ng3 O-O 11. O-O Bg4 12. dxc5 bxc5 13. Qa4 Bxf3 14. Bxc6
Nxc6 15. Qxc6 Bg4 16. Qxc5 Rc8 17. Qa3 Qb6 18. Qb3 Qa5 19. Qd3 Qb6 20. Qb3 Qa5
21. Qd3 Qb6 22. Rb1 Bd7 23. Rd1 h5 24. Qb3 Qxb3 25. axb3 Bb5 26. Bd2 h4 27. Nf1
Rc2 28. Bc3 Bxc3 29. bxc3 Rxc3 30. b4 Rfc8 31. Rxd5 Ba6 32. Rd4 Rc1 33. Rd1
Rxd1 34. Rxd1 Rc2 35. Rb1 Bd3 36. Rd1 Bb5 37. Rb1 Bd3 38. Rd1 Bb5 39. Rb1 Bd3
1/2-1/2

[Event "V Festival A"]
[Site "Nereto ITA"]
[Date "2000.08.15"]
[Round "5"]
[White "Ferri, Stefano"]
[Black "D'Innocente, Stefano"]
[Result "1/2-1/2"]
[WhiteElo "2089"]
[BlackElo "2025"]
[PlyCount "28"]
[EventDate "2000.08.11"]

1. e4 c5 2. Nf3 d6 3. Bb5+ Bd7 4. Bxd7+ Qxd7 5. O-O Nc6 6. c3 Nf6 7. Re1 e6 8.
d4 cxd4 9. cxd4 Be7 10. Nc3 O-O 11. d5 exd5 12. Nxd5 Nxd5 13. Qxd5 Rac8 14. Re2
Nb4 1/2-1/2